Accountancy problems (Record no. 5774)

MARC details
000 -LEADER
fixed length control field 00579cam a2200217ua 4500
001 - CONTROL NUMBER
control field 6630
005 - DATE AND TIME OF LATEST TRANSACTION
control field 20260515114058.0
008 - FIXED-LENGTH DATA ELEMENTS--GENERAL INFORMATION
fixed length control field 140307n ii |||gr||||Z||||||eng
040 ## - CATALOGING SOURCE
Transcribing agency MAIN
082 ## - DEWEY DECIMAL CLASSIFICATION NUMBER
Classification number 657
245 ## - TITLE STATEMENT
Title Accountancy problems
Statement of responsibility, etc. By A. Mukherjee
250 ## - EDITION STATEMENT
Edition statement 2nd rev. & enlarged ed. /
Remainder of edition statement Part I.
260 ## - PUBLICATION, DISTRIBUTION, ETC.
Place of publication, distribution, etc. Calcutta:
Name of publisher, distributor, etc. The new book stall,
Date of publication, distribution, etc. 1988.
300 ## - PHYSICAL DESCRIPTION
Extent x,701p.
653 ## - INDEX TERM--UNCONTROLLED
Uncontrolled term Accounting
653 ## - INDEX TERM--UNCONTROLLED
Uncontrolled term Accountancy problems
700 ## - ADDED ENTRY--PERSONAL NAME
Personal name Mukherjee,A.,
Relator term Author.,
700 ## - ADDED ENTRY--PERSONAL NAME
Personal name Tiwary,H.D.,
Relator term Author.
700 ## - ADDED ENTRY--PERSONAL NAME
Personal name Chakrabarti,A.K.,
Relator term Author.
942 ## - ADDED ENTRY ELEMENTS (KOHA)
Koha item type Books
Holdings
Withdrawn status Lost status Damaged status Not for loan Home library Current library Shelving location Date acquired Total checkouts Full call number Barcode Date last seen Copy number Price effective from Koha item type
        Naharkatiya College Library Naharkatiya College Library General stacks 09/19/2020   657 | MUK 13049 09/19/2020 1 09/19/2020 Books